Simplificación de trabajo de oficina
| Main Author: | |
|---|---|
| Format: | Section = Libro |
| Language: | Undetermined Spanish |
| Published: |
México
Limusa
1983
|
| Subjects: |
| LEADER | 00520nam a2200193Ia 4500 | ||
|---|---|---|---|
| 008 | 240829s9999 xx 000 0 und d | ||
| 020 | |a 968-18-1537-8 | ||
| 040 | |a BIBLIOTECA-RUPAP 658.406 G573 | ||
| 041 | |a spa | ||
| 082 | |a 658.406 G573 | ||
| 100 | 1 | |a González y Rueda, Porfirio | |
| 245 | 1 | 0 | |a Simplificación de trabajo de oficina |
| 260 | |a México |b Limusa |c 1983 | ||
| 300 | |a 121 p. :il. | ||
| 650 | 7 | |a ADMINISTRACION | |
| 650 | 7 | |b INGENIERIA INDUSTRIAL. I. Tít. | |
| 942 | |c BK |2 ddc | ||
| 991 | |a TEXTO | ||
| 999 | |c 10024 | ||